000 00622nam a22002057a 4500
005 20251108175846.0
008 250721s2022 xx 000 0 ara d
082 1 4 _a610.69019/بلو
100 1 _aبلوتسا، بوريس لوبان
245 1 0 _aعلاقة الطبيب و المريض /
264 1 _aعمان :
_bخطوط و ظلال للنشر،
_c2022.
300 _a166ص.
650 1 7 _aعلم النفس الطبي
650 1 7 _aالطب الفسيولوجي
650 1 7 _aالاطباء
650 1 7 _aالمرضى
700 1 _aلشهب، حميد
_eمترجم
942 _2ddc
_cBK
999 _c144140
_d144140